| 000 | 00773nam a2200181 a 4500 | ||
|---|---|---|---|
| 001 | BRCA_876 | ||
| 005 | 20190320203204.0 | ||
| 008 | 290805s1984-------a---###---#000-0#spa-d | ||
| 020 | _a8439817711 | ||
| 050 | 4 |
_aNK7112.5 _b.P53 1984 |
|
| 245 | 1 | 0 |
_aPlatería hispanoamericana _bsiglos XVI-XIX. |
| 260 |
_aBadajoz _b[s.n.] _c1984 |
||
| 300 |
_a108 p. _bil. _c28 cm. |
||
| 500 | _aCatálogo de la exposición diocesana badajocense Preparatoria a los actos conmemorativos del V Centenario del Descubrimiento de América realizada en la Sala Capitular de la S.I. Catedral de Badajoz, 8-15 junio, 1984 | ||
| 650 | 1 | 4 |
_aPlatería _vExposiciones _ySiglos XVIII y XIX _zAmérica Latina _92922 |
| 650 | 1 | 4 |
_aPlatería _vExposiciones _ySiglos XVI y XVII _zAmérica Latina _92923 |
| 942 |
_2lcc _cB |
||
| 999 |
_c771 _d771 |
||